Populous Countries, Smaller Neighbors Quiz Stats

 Plays Quiz Updated Jul 2, 2018

Score 0/9 Timer 03:00
14 Plays Today
Continent Country % Correct
North AmericaUnited States
98.8%
South AmericaBrazil
97.2%
AfricaSouth Africa
83.2%
EuropeUnited Kingdom
77%
AfricaNigeria
76.9%
AfricaEgypt
76.3%
AsiaIndonesia
67.7%
North AmericaDominican Republic
60.6%
AsiaSouth Korea
59.3%

You're not logged in!

Compare scores with friends on all Sporcle quizzes.
OR
Log In

Sporcle TV

Today on Sporcle TV


Watch our educational content, quiz creation guides, and fun videos on Sporcle TV.

Show Comments

Extras

Top Quizzes Today


Score Distribution

Your Account Isn't Verified!

In order to create a playlist on Sporcle, you need to verify the email address you used during registration. Go to your Sporcle Settings to finish the process.

Report this User

Report this user for behavior that violates our Community Guidelines.

Details: